| 000 | 01160cam a2200313 a 4500 | ||
|---|---|---|---|
| 020 | _a9784924971318 | ||
| 020 | _a4924971316 | ||
| 040 | _cLWU | ||
| 041 | 1 | _hjpn | |
| 082 | _a745 INT 2011 A088 Or. | ||
| 100 | 1 | _aIshikawa, Kyūyō, | |
| 245 | 1 | 0 |
_aTaction : _bthe drama of the chisel, stylus, brush in oriental calligraphy / |
| 246 | 1 | 5 |
_aTaction : _bthe drama of the stylus in oriental calligraphy |
| 250 | _a1st English ed. | ||
| 260 |
_aTokyo : _bInternational House of Japan, _c2011. |
||
| 300 |
_axviii, 297 p. : _bill. ; _c24 cm. |
||
| 490 | 1 |
_aLTCB international library selection = _aChōgin kokusai raiburarī sōsho ; |
|
| 500 | _aAt head of title: LTCB International Library Trust/International House of Japan. | ||
| 500 | _aTranslation of: Sho : hisshoku no uchū o yomitoku (Tokyo : Chuo Koron Shinsha, 2005). | ||
| 500 | _aIncludes index. | ||
| 650 | 0 | _aInscriptions, Chinese. | |
| 650 | 0 | _aCalligraphy, Chinese | |
| 650 | 0 | _aCalligraphy, Japanese | |
| 650 | 0 | _aChinese language | |
| 650 | 0 | _aJapanese language | |
| 710 | 2 | _aLTCB International Library Trust. | |
| 710 | 2 | _aKokusai Bunka Kaikan (Tokyo, Japan) | |
| 942 | _cEK | ||
| 999 |
_c14341 _d14341 |
||